|
|
|
|
| LEADER |
00000nam a2200000 i 4500 |
| 003 |
Ucuenca |
| 005 |
20240103062714.0 |
| 006 |
a||||gr|||| 001 0 |
| 007 |
ta |
| 008 |
200203t1966 mx gr|||| 001 0 spa d |
| 999 |
|
|
|c 159004
|d 159004
|
| 040 |
|
|
|a UCuenca-cdrjbv
|b spa
|c UCuenca
|e rda
|
| 041 |
0 |
|
|a spa
|
| 082 |
0 |
|
|2 22
|a 301.35
|c 352348
|
| 100 |
1 |
|
|9 18272
|a Buitrón, Aníbal
|e autor
|
| 245 |
1 |
0 |
|a Cómo llegó el progreso a Huagrapamba:
|b guía práctica para los trabajadores del desarrollo de la comunidad /
|c Aníbal Buitrón.
|
| 250 |
|
|
|a Primera edición.
|
| 264 |
|
1 |
|a México:
|b Instituto Indigenista Interamericano,
|c 1966.
|
| 264 |
|
4 |
|c ©1966
|
| 300 |
|
|
|a 121 páginas:
|c 19 cm
|
| 336 |
|
|
|2 rdacontent
|a texto
|b txt
|
| 337 |
|
|
|2 rdamedia
|a no mediado
|b n
|
| 338 |
|
|
|2 rdacarrier
|a volumen
|b nc
|
| 490 |
|
|
|a Antropología Social,
|v 4
|
| 504 |
|
|
|a incl. bibind.
|
| 650 |
1 |
4 |
|a Sociología
|9 183
|
| 650 |
1 |
7 |
|a Problemas sociales
|9 322
|
| 942 |
|
|
|2 ddc
|c CR
|z bladimir.cabrerar@ucuenca.edu.ec
|